Central Library OPAC University of Rajshahi

বাংলা নাটকের টেকনিক / (Record no. 64213)

MARC details
000 -LEADER
fixed length control field 00825nam a2200229 a 4500
001 - CONTROL NUMBER
control field 64213
003 - CONTROL NUMBER IDENTIFIER
rucl marc code BD-RjUL
005 - DATE AND TIME OF LATEST TRANSACTION
control field 20211209081301.0
008 - FIXED-LENGTH DATA ELEMENTS--GENERAL INFORMATION
fixed length control field 170212s1997 bd ||||| |||| 001 0 ben d
035 ## - SYSTEM CONTROL NUMBER
System control number (BD-RjUL)64343
040 ## - CATALOGING SOURCE
Original cataloging agency BD-RjUL
Language of cataloging ben
Transcribing agency BD-RjUL
041 ## - LANGUAGE CODE
Language code of text/sound track or separate title ben
082 ## - DEWEY DECIMAL CLASSIFICATION NUMBER
Edition number 23
Classification number 891.44209
Author mark and year LAB 1997
100 1# - MAIN ENTRY--PERSONAL NAME
Personal name লাহা, চিত্তরঞ্জন
9 (RLIN) 175752
245 10 - TITLE STATEMENT
Title বাংলা নাটকের টেকনিক /
Statement of responsibility, etc. চিত্তরঞ্জন লাহা
260 ## - PUBLICATION, DISTRIBUTION, ETC. (IMPRINT)
Place of publication, distribution, etc. কলকাতা :
Name of publisher, distributor, etc. পুস্তক বিপণি,
Date of publication, distribution, etc. ১৯৯৭.
300 ## - PHYSICAL DESCRIPTION
Pagination [১০], ৩১৯ পৃ. ;
Size ২১ সেমি.
504 ## - BIBLIOGRAPHY, ETC. NOTE
Bibliography, etc নির্ঘন্ট সংযুক্ত
650 ## - SUBJECT ADDED ENTRY--TOPICAL TERM
Topical term or geographic name as entry element বাংলা নাটক
9 (RLIN) 171011
Topical term or geographic name as entry element Bengali drama
9 (RLIN) 171012
942 ## - ADDED ENTRY ELEMENTS (KOHA)
Source of classification or shelving scheme Dewey Decimal Classification
Koha item type Books
Holdings
Lost status Source of classification or shelving scheme Damaged status Not for loan Collection code Permanent Location Current Location Shelving location Date acquired Total Checkouts Full call number Date last seen Copy number Koha item type
  Dewey Decimal Classification   Not For Loan Fiction Central Library, University of Rajshahi Central Library, University of Rajshahi Reading Room 26/05/2005   B 891.44209 LAB 1997 12/02/2017 C-1 Books